01017nam a2200241 i 4500001000700000003000900007005001700016008004100033020002200074080005700096100003600153245008700189250001200276260004300288300002200331504003300353600008100386852009600467903004000563942002000603999001900623952013300642184796ES-MaACL20231119154023.0160111s2011 sp |||| | spa d a978-84-9946-151-9 a821.134.2 Cervantes Saavedra, Miguel de 7 Quijote.071 aCabada Gómez, Manuel.915705910aDel "Quijote" de risa al grave b: su lectura comparada / cManuel Cabada Gómez. a2ª ed. aMadrid : bEdición Personal, c2011. a154 p. ; c21 cm. aBibliografía: p. 153-[154]14aCervantes Saavedra, Miguel de,d1547-1616. tDon Quijote de la Mancha937612 aES-MaACLjA-135599191811bR.150776cDEPO1dOlim: N-6559hDonación: Manuel Cabada Gómez 9157059aCabada Gómez, Manuelednr 2udccMONOGRAFIA c184796d184796 00102udc4070aATENEOMbATENEOMcDEPO1d2016-01-11eDONACIONl0oA-13559p1194601r2023-02-23 00:00:00w2023-02-23yMONOGRAFIA